Statistics for Star Wars Characters

Click here to take the quiz!

General Stats

  • This quiz has been taken 135,759 times
    (135,728 since last reset)
  • The average score is 19 of 28

Answer Stats

ClueCharacter% Correct
Twin who grew up on TatooineLuke Skywalker
99%
Emperor's final Sith apprenticeDarth Vader
97%
Millennium Falcon pilotHan Solo
96%
Twin who grew up on AlderaanPrincess Leia
96%
Millennium Falcon co-pilotChewbacca
95%
Protocol droidC-3PO
93%
Also known as "Ben"Obi-Wan Kenobi
92%
Droid that's a good mechanicR2-D2
89%
Vertically-challenged JediYoda
88%
Bounty hunterBoba Fett
86%
Sith apprentice with weird makeupDarth Maul
83%
Hutt gangsterJabba the Hutt
82%
Chancellor who's voted inPalpatine
80%
Queen of the NabooPadme Amidala
79%
Bounty hunter's fatherJango Fett
78%
Friendly but clumsy GunganJar-Jar Binks
75%
Head of Cloud CityLando Calrissian
71%
Jedi who discovers the "Chosen One"Qui-Gon Jinn
66%
Sith apprentice with respectabilityCount Dooku
62%
Admiral of the Rebel FleetAdmiral Ackbar
52%
Bounty hunter killed in the cantinaGreedo
51%
Cyborg head of the separatist
droid army
General Grievous
49%
Commander of the Death StarGrand Moff Tarkin
45%
Evil podracerSebulba
35%
Chancellor who's voted outValorum
25%
Ewok who helps the princessWicket
25%
Hutt gangster's right-hand "man"Bib Fortuna
20%
Imperial general who led the
attack on Hoth
General
Maximilian Veers
14%

Score Distribution

Percentile by Number Answered

Percent of People with Each Score

Your Score History

You have not taken this quiz since the last reset